Представление документа в формате RUSMARC

ПолеНазваниеЗначение
  Тип записи a
  Библиографический уровень m
001 Контрольный номер RU/ГПНТБ России/IBIS/65.26/А 65-288988740
005 Дата корректировки 20260413145450.5
010 Индекс ISBN __
a ISBN 978-5-09-099911-3
b Уточнения в пер.
9 Тираж 2000 экз.
100 Данные общей обработки __
a Данные общей обработки 20260413d2023 m y0rusy028902 ca
101 Язык документа 0_
a Язык текста rus
102 Страна публикации __
a Страна публикации RU
105 Кодированные данные (монография) __
a Кодированные данные (монография) a z 000yy
181 Поле кодированных данных: вид содержания _0
a Код вида содержания (ISBD) i
182 Поле кодированных данных: тип средства _0
a Код типа средства (ISBD) n
200 Заглавие и сведения об ответственности 1_
a Заглавие Мама, папа, дайте денег!
e Сведения, относящиеся к заглавию как воспитать у детей разумное отношение к финансам
e Сведения, относящиеся к заглавию руководство для родителей по воспитанию финансово грамотных детей
f Первые сведения об ответственности О. С. Андреева
g Последующие сведения об ответственности [Ассоциация развития финансовой грамотности]
203 Вид содержания и тип средства __
c Тип средства непосредственный
a Вид содержания Текст
210 Выходные данные 1_
a Место издания Москва
c Издательство Просвещение
d Дата издания 2023
215 Физическое описание __
a Объем 205, [2] с.
c Иллюстрации/тип воспроизводства ил.
d Формат 22 см
320 Библиография __
a Библиография Библиография в конце книги
330 Аннотация __
a Аннотация Книга поможет познакомить детей с основами финансовой грамотности, заложит фундамент их будущей осознанности и финансовой независимости. В книге собраны рекомендации и практические советы, с помощью которых можно сформировать у детей правильное отношение к денежным средствам, рассказывается, какими словами объяснять понятные взрослым истины относительно личных и семейных финансов ребёнку любого возраста.
540 Дополнительное заглавие, сделанное каталогизатором 10
a Дополнительное заглавие, сделанное каталогизатором Как воспитать у детей разумное отношение к финансам
540 Дополнительное заглавие, сделанное каталогизатором 10
a Дополнительное заглавие, сделанное каталогизатором Руководство для родителей по воспитанию финансово грамотных детей
606 Тематические рубрики __
a Основная рубрика Образование. Педагогика
2 Код системы nlr_sh
606 Тематические рубрики __
2 Код системы nlr_sh
a Основная рубрика Теория и методика воспитания
610 Ключевые слова 0_
a Ключевые слова экономическое воспитание
610 Ключевые слова 0_
a Ключевые слова финансовая грамотность детей
610 Ключевые слова 0_
a Ключевые слова воспитание финансовой грамотности
610 Ключевые слова 0_
a Ключевые слова осознанное потребление
610 Ключевые слова 0_
a Ключевые слова финансовая безопасность
610 Ключевые слова 0_
a Ключевые слова карманные деньги
610 Ключевые слова 0_
a Ключевые слова личный бюджет
686 Индексы других классификаций __
2 Код системы rubbks
a Классификационный индекс 74.200.525; В74.200.52
700 Автор _1
a Фамилия Андреева
b Имя О. С.
g Полное личное имя Ольга Сергеевна
4 Код отношения 070
712 Наименование организации (Вторичная ответственность) 02
a Организация/ юрисдикция Ассоциация развития финансовой грамотности
c Место постоянной организации Москва
801 Источник записи _0
b Организация ГПНТБ России
a Страна RU
c Дата составления 20260326
g Правила каталогизации PSBO
801 Источник записи _1
b Организация ГПНТБ России
a Страна RU
c Дата составления 20260326
g Правила каталогизации PSBO
852 Данные о местонахождении 5_
j Шифр хранения 74.200.525
i Авторский знак А 65
901 Тип документа __
a Ответственный КиК/Обаева
t Тип документа m
901 Тип документа __
a Ответственный без партии
903 Характеристики (МАРС) __
a Дата передачи 20260413
c Наименование библиотеки (МАРС) Муниципальное бюджетное учреждение культуры "Централизованная библиотечная система" г. Сургут (Центральная городская библиотека им. А. С. Пушкина)